000 00317cam a22001217a 4500
008 180718b1953 xxu||||| |||| 00| 0 eng d
082 _aH225x42 Al53
100 _aAllen, Carleton Kemp
245 _aQueen's peace
_cby Carleton Kemp Allen
260 _aLondon
_bStevens
_c1953
300 _a192p
650 _aKing's peace
999 _c427447
_d427447